| 000 | 00465nam a2200181 a 4500 | ||
|---|---|---|---|
| 001 | 1771588832210 | ||
| 003 | YourLibrary | ||
| 005 | 20260220173229.0 | ||
| 008 | 260220s2008##################000#0#eng## | ||
| 020 | _a9780521056144 | ||
| 082 | 0 | 4 |
_a320.15493088 _bMOO |
| 100 | 1 |
_aMoore, _eauthor. |
|
| 245 | 1 | 0 | _aThe State And Peasant Politics In Sri Lanka : |
| 260 | _c2008. | ||
| 300 | _a304 pages | ||
| 942 | _cENGLISH | ||
| 040 |
_aYourLibrary _beng _cYourLibrary |
||
| 999 |
_c614625 _d614625 |
||